000 00419pab a2200169 454500
008 180718b2008 xxu||||| |||| 00| 0 eng d
100 _aSengupta, Papia
245 _aLinguistic diversity and disparate regional growth
260 _c2008
300 _ap.8-10.
362 _a16 Aug
650 _aRegionalism
700 _aKumar, T. Ravi
773 _aEconomic and Political Weekly
908 _aN
909 _a79262
999 _c79262
_d79262